E64(津軽道)のIC - Statistics

General Stats
  • This quiz has been taken 19 times
  • The average score is 5 of 6
Answer Stats
津軽道 % Correct
IC 五所川原
100%
IC 鰺ヶ沢
83%
IC 五所川原北
75%
IC つがる柏
75%
IC 五所川原東
67%
IC 南浮田
50%
No matching quizzes found
Score Distribution
Percent of People with Each Score
Percentile by Number Answered
Your Score History
You have not taken this quiz